000 00508nam a2200169Ia 4500
003 SGT
020 _a9788120320628
082 _a5.71
_bSTE
100 _aStevens,W. Richard
245 _aUnix Network programming interprocess communications
250 _a2nd . . Ed.
260 _bPHI Learning Private Limited
_aNew Delhi
_c2013
300 _a558p.
650 _aCOMPUTER SCIENCE
653 _aINTRODUCTION,MESSAGE PASSING,POSIX IPC,SYSTEM V MESSAGE QUEUES,POSIX SEMAPHORES,SHARED MEMORY
942 _2ddc
_cBK
999 _c5788
_d5788